| 000 | 01049cam a2200325 a 4500 | ||
|---|---|---|---|
| 001 | 58334 | ||
| 003 | CO-BoRNBP | ||
| 005 | 20250821203915.0 | ||
| 007 | ta | ||
| 008 | 180117s2017 ck a br 000 fdspa | ||
| 020 | _a9789580003779 | ||
| 040 |
_aCO-BoBN _bspa _cCO-BoBN |
||
| 082 | 0 | 4 |
_aCo863.5 _223 |
| 084 | _aN DIA | ||
| 100 | 1 |
_aDíaz-Granados, José Luis, _d1946- _962959 |
|
| 245 | 1 | 0 |
_aFelipe en vacaciones / _cJosé Luis Díaz-Granados ; ilustraciones de Cristhian Contreras |
| 250 | _a1a. ed. | ||
| 300 |
_a78 p. : _bil. byn ; _c21 cm |
||
| 336 |
_2rdacontent _atexto _btxt |
||
| 337 |
_2rdamedia _asin mediación _bn |
||
| 338 |
_2rdacarrier _avolumen _bnc |
||
| 490 | 0 | _aOso de anteojos | |
| 500 | _aIncluye datos biográficos del autor | ||
| 521 | 1 | _aPara niños a partir de 10 años | |
| 650 | 1 | 4 |
_aNovela juvenil colombiana _ySiglo XXI _2LEMB _962960 |
| 650 | 2 | 4 |
_aActividades creativas y trabajo de clase _2LEMB |
| 700 | 1 |
_aContreras, Cristhian, _eilustrador _962961 |
|
| 942 |
_2ddc _cBK |
||
| 990 |
_a2018-257 _bEducativa S.A.S. |
||
| 999 |
_c58334 _d58334 |
||